000 00264nam a2200097Ia 4500
001 1172954
005 20250827012605.0
008 250824s9999 xx 000 0 und d
245 0 _aALTI KIRK DÖRT DALGASI
_cBEHİÇ AK
260 _bGÜNIŞIGI KİTAPLIĞI YAYINLARI
999 _c1172954
_d1172954